000 00938nam a2200289 i 4500
003 DO-SdBNP
005 20231009153349.0
006 a||||gr|||| 00| 0
008 231009t2013 ga ||||| |||| 00| p spa d
020 _a9789929559455
040 _aDO-SdBNP
_bspa
_cBNPHU
_erda
082 4 _222
_a861.6
_bB794p 2013
245 1 3 _aLa palabra justa :
_barqueología del poema. /
_cAntonio Braña
250 _a2a. edición
264 4 _aGuatemala :
_bCultura,
_c2013
300 _a106 páginas ;
_c21 cm.
336 _2rdacontent
_atexto
_btxt
337 _2rdamedia
_asin mediación
_bn
338 _2rdacarrier
_avolumen
_bnc
490 _aPoesía Gualtemalteca siglo XX.
490 _aRafael Landíval ;
_v17
500 _aIncluye datos biográficos del autor en la solapa de la cubierta.
590 _aInventariado 2023 / MF
650 4 _aPoesía guatemalteca.
_914068
651 4 _aLiteratura guatemalteca
_984435
942 _2ddc
_cLBS1
999 _c55129
_d55129